Najpopularniejsze polskie imiona. - Statystyki

Ogólne statystyki
  • Ten quiz został rozwiązany 26 654 razy
  • Średni wynik to 13 z 30
Statystyki odpowiedzi
Miejsce Ilość osób Imię % Poprawnych
1 Anna
78%
5 487.049 Jan
66%
1 642.941 Piotr
64%
10 373.455 Jakub
60%
3 Katarzyna
55%
6 475.479 Paweł
54%
2 Maria
53%
13 Aleksandra
51%
7 452.882 Michał
51%
12 364.726 Adam
46%
15 351.545 Mateusz
46%
2 608.866 Krzysztof
43%
3 534.642 Andrzej
41%
6 Barbara
40%
4 496.665 Tomasz
40%
12 Zofia
40%
7 Ewa
38%
10 Magdalena
38%
11 Joanna
37%
8 415.992 Marcin
37%
11 365.269 Marek
37%
4 Małgorzata
36%
5 Agnieszka
34%
9 400.469 Stanisław
34%
13 357.444 Łukasz
32%
14 Monika
31%
14 356.470 Grzegorz
27%
9 Elżbieta
22%
8 Krystyna
20%
15 Teresa
16%
Nie znaleziono quizów pasujących do podanych kryteriów
Rozkład punktacji
Procent ludzi z każdym wynikiem
Percentyl według liczby udzielonych odpowiedzi
Twoja historia wyników
Nie rozwiązałeś tego quizu